Návrh systému spolupráce človeka s počítačom : Výskumná úloha č. ELF 75/5

Saved in:
Bibliographic Details
Main Authors: Horváth, Pavol (Author), Pauer, Daniel (Author), Burger, Ivan (Author)
Other Authors: Neuschl, Štefan (Research team head)
Format: Book
Published: Bratislava : SVŠT v Bratislave EF, 1978
Tags: Add Tag
No Tags, Be the first to tag this record!

MARC

LEADER 00000nam a22000003a 4500
001 stu235866
005 20150617230122.8
008 111010s1978----------------------------d
040 |a STU  |b slo 
041 0
100 1 |a Neuschl, Štefan  |4 rth 
245 1 |a Návrh systému spolupráce človeka s počítačom :  |b Výskumná úloha č. ELF 75/5 
260 |a Bratislava :  |b SVŠT v Bratislave EF,  |c 1978 
300 |a 68 s 
700 1 |a Horváth, Pavol  |4 aut  |u I100  |U FIIT Fakulta informatiky a informačných technológií  |T FIIT Ústav počítačových systémov a sietí  |U I100  |Y 178 
700 1 |a Pauer, Daniel  |4 aut 
700 1 |a Burger, Ivan  |4 aut 
996 |b EVYSK-S-257  |c E*VYSK-S-257  |l E  |s P  |a 0  |w stu235866_0001